Team-working to boost safety (Record no. 76007)

MARC details
000 -LEADER
fixed length control field 01252cab a2200193 4500
001 - CONTROL NUMBER
control field ##L131267
008 - FIXED-LENGTH DATA ELEMENTS--GENERAL INFORMATION
fixed length control field 051014n2005 000 0 eng u
035 ## - SYSTEM CONTROL NUMBER
System control number (Sirsi) u131267
041 0# - LANGUAGE CODE
Language code of text/sound track or separate title eng
100 1# - MAIN ENTRY--PERSONAL NAME
Personal name Cole, Margo
245 00 - TITLE STATEMENT
Title Team-working to boost safety
260 ## - PUBLICATION, DISTRIBUTION, ETC.
Date of publication, distribution, etc. 2005
490 #0 - SERIES STATEMENT
Series statement New Steel Construction
Volume/sequential designation 13(9) October 2005 20-21(2)
520 ## - SUMMARY, ETC.
Summary, etc. Examines the likely effects on steel designers and fabricators of proposed changes by the HSE to the Construction (Design and Management) Regulations (CDM). The proposals seek to place more responsibility on the client for safety matters, by demonstrating that they have appointed a competent designer and main contractor. They also require better coordination and cooperation between all parties involved in a contract. The British Constructional Steelwork Association (BCSA) broadly supports the proposals, but believes that they do not address the realities of the way contracts are run. It is also concerned that they may place extra liabilities on steel specialists.
590 ## - LOCAL NOTE (RLIN)
Local note IKA251005
650 24 - SUBJECT ADDED ENTRY--TOPICAL TERM
Topical term or geographic name entry element CONSTRUCTION (DESIGN AND MANAGEMENT) REGULATIONS
690 ## - LOCAL SUBJECT ADDED ENTRY--TOPICAL TERM (OCLC, RLIN)
Topical term or geographic name as entry element MANAGEMENT-HEALTH AND SAFETY-HEALTH AND SAFETY RISK MANAGEMENT-HEALTH AND SAFETY RISK PLANNING
942 ## - ADDED ENTRY ELEMENTS (KOHA)
Suppress in OPAC 0
Holdings
Withdrawn status Lost status Source of classification or shelving scheme Damaged status Not for loan Home library Current library Shelving location Date acquired Total Checkouts Full call number Barcode Date last seen Copy number Price effective from Koha item type
    Dewey Decimal Classification     London London Journal article 14/10/2005   L131267 131267-1001 06/08/2019 1 06/08/2019 Journal article